000 00657nam a2200205Ia 4500
003 GCL
008 140319s9999 xx 000 0 ara d
040 _aGCL /
_cGCL
082 0 4 _a812.9
_bن ر
100 1 _aنجيب سرور
245 1 0 _aرباعية نجيب سرور /
_cنجيب سرور
700 1 _aامين العيوطى
260 _a[S.N] :
_bالهيئة المصرية العامة للتأليف والنشر ،
_c1993
300 _a574 ص
490 _aالاعمال الكاملة
_v0
650 0 4 _aالادب العربى
650 0 4 _aالمسرح العربى
650 0 4 _aالمسرحيات العربية
942 _2ddc
_cBK
999 _c30117
_d30117